| 000 | 00509nam a2200193 a 4500 | ||
|---|---|---|---|
| 001 | 1770453313138 | ||
| 003 | YourLibrary | ||
| 005 | 20260207140845.0 | ||
| 008 | 260207s1971##################000#0#eng## | ||
| 020 | _a9780333241738 | ||
| 082 | 0 | 4 |
_a330.15608 _bKEY.29 |
| 100 | 1 |
_aKeynes, John Maynard, _eauthor. |
|
| 245 | 1 | 0 | _aThe Collected Writings of John Maynard Keynes : |
| 260 | _c1971. | ||
| 300 | _a372 pages | ||
| 650 | 0 | _aEconomics. | |
| 942 | _cENGLISH | ||
| 040 |
_aYourLibrary _beng _cYourLibrary |
||
| 999 |
_c611071 _d611071 |
||